书目信息 |
| 题名: |
徐悲鸿画论
|
|
| 作者: | 裔萼 编著 | |
| 分册: | ||
| 出版信息: | 郑州 河南人民出版社 1999.07 |
|
| 页数: | 127页 | |
| 开本: | 32开 | |
| 丛书名: | ||
| 单 册: | ||
| 中图分类: | J202 | |
| 科图分类: | ||
| 主题词: | 绘画理论 | |
| 电子资源: | ||
| ISBN: | 7-215-04252-9 | |
| 000 | 00523nam0 2200193 45 | |
| 001 | 0007251024 | |
| 005 | 20000725105725.6 | |
| 010 | @a7-215-04252-9@d10.00元 | |
| 100 | @a20000725d1999 km y0chiy0120 ea | |
| 101 | 0 | @achi |
| 105 | @a z 000yy | |
| 200 | 1 | @a徐悲鸿画论@AXu Bei Hong Hua Lun@f裔萼编著@FYi E Bian Zhu |
| 210 | @a郑州@c河南人民出版社@d1999.07 | |
| 215 | @a127页@d32开 | |
| 606 | 0 | @a绘画理论 |
| 690 | @aJ202@v3 | |
| 701 | 0 | @a裔萼@4编著 |
| 801 | @aCN@bPftUser@c20000725 | |
| 905 | @b77190-194@dJ202@eC.057@f5 | |
| 徐悲鸿画论/裔萼编著.-郑州:河南人民出版社,1999.07 |
| 127页;32开 |
| ISBN 7-215-04252-9:10.00元 |
| ● |
| 相关链接 |
|
|
|
正题名:徐悲鸿画论
索取号:J202/C.057
 
预约/预借
| 序号 | 登录号 | 条形码 | 馆藏地/架位号 | 状态 | 备注 |
| 1 | 77190 | 200771904 | 社科库309/309社科库 40排7列2层/ [索取号:J202/C.057] | 在馆 | |
| 2 | 77191 | 200771913 | 社科库309/309社科库 66排4列6层/ [索取号:J202/C.057] | 在馆 | |
| 3 | 77192 | 200771922 | 自科二线404/309社科库 67排1列5层/ [索取号:J202/C.057] | 在馆 | |
| 4 | 77193 | 200771931 | 自科二线404/404自科库 11排5列4层/ [索取号:J202/C.057] | 在馆 | |
| 5 | 77194 | 200771940 | 自科二线404/404自科库 11排5列4层/ [索取号:J202/C.057] | 在馆 |